<?xml version="1.0" encoding="UTF-8"?>
<record
    xmlns:xsi="http://www.w3.org/2001/XMLSchema-instance"
    xsi:schemaLocation="http://www.loc.gov/MARC21/slim http://www.loc.gov/standards/marcxml/schema/MARC21slim.xsd"
    xmlns="http://www.loc.gov/MARC21/slim">

  <leader>03135nas a2200229 454500</leader>
  <controlfield tag="001">18699</controlfield>
  <controlfield tag="005">20260407193505.0</controlfield>
  <controlfield tag="008">260407s1982####ag###########|||spa#d</controlfield>
  <controlfield tag="003">AR-UNSa-BCEJYS</controlfield>
  <datafield tag="040" ind1=" " ind2=" ">
    <subfield code="a">AR-UNSa-BCEJYS</subfield>
    <subfield code="b">spa</subfield>
    <subfield code="c">AR-UNSa-BCEJYS</subfield>
  </datafield>
  <datafield tag="080" ind1=" " ind2=" ">
    <subfield code="a">311.3</subfield>
    <subfield code="x">Organizaci&#xF3;n general de las estadisticas. Estad&#xED;stica oficial</subfield>
  </datafield>
  <datafield tag="245" ind1="1" ind2="0">
    <subfield code="a">Encuesta de sociedades an&#xF3;nimas</subfield>
    <subfield code="p">resultados econ&#xF3;mico-financieros</subfield>
  </datafield>
  <datafield tag="264" ind1=" " ind2="1">
    <subfield code="a">Buenos Aires :</subfield>
    <subfield code="b">INDEC</subfield>
    <subfield code="c">1982</subfield>
  </datafield>
  <datafield tag="310" ind1=" " ind2=" ">
    <subfield code="a">Frecuencia: Trimestral</subfield>
  </datafield>
  <datafield tag="505" ind1=" " ind2=" ">
    <subfield code="a">Uno de los operativos planteados, cuyos resultados se presentan aqu&#xED;, consiste en una encuesta trimestral con propositos m&#xFA;ltiples a empresas, donde cada relevamiento est&#xE1; compuesto por una secci&#xF3;n fija de datos contables, marco de referencia necesario para hacer consistente y desarrollar la secci&#xF3;n variable (a implementar en la nueva serie), que se referira a expectativas de producci&#xF3;n o ventas, inversion, etc., y brindara informaci&#xF3;n acerca de los mercados de la tecnologia, de bienes de capital, financieros, etc..Es decir, trata de reunir datos ex-ante y ex-post relativos a las actividades de la unidad empresa sobre la base de las memorias y balances que describen los objetivos cualitativos y la sintesis economico-financiera de un periodo.
Como el an&#xE1;lisis de centrara en la remuneraci&#xF3;n de los factores, la inversi&#xF3;n y su financiamiento, los niveles de endeudamiento y rentabilidad, la estructura del patrimonio y el stock de capital por sectores de actividad, se recurrio como se dijo a subdivisiones basadas en el criterio institucional, que preservan la integridad de las empresas como unidades juridicas y economicas de desici&#xF3;n. En consecuencia, la necesidad de encontrar una unidad de observaci&#xF3;n que resuma la integraci&#xF3;n de las distintas variables y con una participaci&#xF3;n relevante dentro de la actividad economica, nos lleva al estudio de la empresa organizada juridicamente como sociedad anonima.
Los resultados censales tambien muestran la necesidad de cuantificar en forma permanente el universo de este tipo de sociedades. Ello permitira asimismo, contar con un marco muestral. De acuerdo a este objetivo, se propuso conformar un registro nacional de sociedades anonimas. Hasta completar este registro, los resultados de la muestra solo tendrian representatividad a nivel nacional para los sectores industria manofacturera, construcci&#xF3;n y mineria.
En una etapa posterior, seria muy util obtener representatividad provincial, por lo menos para quellos sectores en que ello se justifique (incluyendo en este caso empresas que, aunque no esten juridicamente organizadas como sociedades anonimas, se destaquen por su nivel de actividad).
Otro objetivo que esta presente en poder medir la remuneraci&#xF3;n de los factores como paso a calculo del ingreso provincial.</subfield>
  </datafield>
  <datafield tag="942" ind1=" " ind2=" ">
    <subfield code="c">SER</subfield>
  </datafield>
  <datafield tag="590" ind1=" " ind2=" ">
    <subfield code="a">niveau_biblio:s niveau_hierar:1</subfield>
  </datafield>
  <datafield tag="100" ind1="1" ind2=" ">
    <subfield code="a">Instituto Nacional de Estad&#xED;stica y Censos (INDEC)</subfield>
  </datafield>
  <datafield tag="650" ind1=" " ind2=" ">
    <subfield code="a">EMPRESAS</subfield>
  </datafield>
  <datafield tag="650" ind1=" " ind2=" ">
    <subfield code="a">SOCIEDADES COMERCIALES</subfield>
  </datafield>
  <datafield tag="856" ind1="4" ind2="1">
    <subfield code="u">https://biblioeco.unsa.edu.ar/pmb/images/revistas/encuestas de sociedades anonimas.jpg</subfield>
    <subfield code="y">Imagen de portada</subfield>
    <subfield code="q">image/jpeg</subfield>
  </datafield>
  <datafield tag="999" ind1=" " ind2=" ">
    <subfield code="c">8504</subfield>
    <subfield code="d">8504</subfield>
  </datafield>
  <datafield tag="952" ind1=" " ind2=" ">
    <subfield code="0">0</subfield>
    <subfield code="1">0</subfield>
    <subfield code="4">0</subfield>
    <subfield code="7">0</subfield>
    <subfield code="a">BCEJYS</subfield>
    <subfield code="b">BCEJYS</subfield>
    <subfield code="c">17</subfield>
    <subfield code="d">1988-01-01</subfield>
    <subfield code="h">ene./dic. 1988</subfield>
    <subfield code="l">0</subfield>
    <subfield code="o">H311.3 ENC 1988</subfield>
    <subfield code="p">R11872</subfield>
    <subfield code="r">2026-04-10 16:07:50</subfield>
    <subfield code="w">2026-04-10</subfield>
    <subfield code="y">RN</subfield>
  </datafield>
  <datafield tag="952" ind1=" " ind2=" ">
    <subfield code="0">0</subfield>
    <subfield code="1">0</subfield>
    <subfield code="4">0</subfield>
    <subfield code="7">0</subfield>
    <subfield code="a">BCEJYS</subfield>
    <subfield code="b">BCEJYS</subfield>
    <subfield code="c">17</subfield>
    <subfield code="d">1984-01-01</subfield>
    <subfield code="h">ene./dic. 1984</subfield>
    <subfield code="l">0</subfield>
    <subfield code="o">H311.3 ENC v.1</subfield>
    <subfield code="p">R00767</subfield>
    <subfield code="r">2026-04-10 16:07:50</subfield>
    <subfield code="w">2026-04-10</subfield>
    <subfield code="y">RN</subfield>
  </datafield>
  <datafield tag="952" ind1=" " ind2=" ">
    <subfield code="0">0</subfield>
    <subfield code="1">0</subfield>
    <subfield code="4">0</subfield>
    <subfield code="7">0</subfield>
    <subfield code="a">BCEJYS</subfield>
    <subfield code="b">BCEJYS</subfield>
    <subfield code="c">17</subfield>
    <subfield code="d">1984-01-01</subfield>
    <subfield code="h">ene./dic. 1984</subfield>
    <subfield code="l">0</subfield>
    <subfield code="o">H311.3 ENC v.1 Ej.2</subfield>
    <subfield code="p">R00768</subfield>
    <subfield code="r">2026-04-10 16:07:50</subfield>
    <subfield code="w">2026-04-10</subfield>
    <subfield code="y">RN</subfield>
  </datafield>
  <datafield tag="952" ind1=" " ind2=" ">
    <subfield code="0">0</subfield>
    <subfield code="1">0</subfield>
    <subfield code="4">0</subfield>
    <subfield code="7">0</subfield>
    <subfield code="a">BCEJYS</subfield>
    <subfield code="b">BCEJYS</subfield>
    <subfield code="c">17</subfield>
    <subfield code="d">1984-01-01</subfield>
    <subfield code="h">ene./dic. 1984</subfield>
    <subfield code="l">0</subfield>
    <subfield code="o">H311.3 ENC v.2</subfield>
    <subfield code="p">R00769</subfield>
    <subfield code="r">2026-04-10 16:07:50</subfield>
    <subfield code="w">2026-04-10</subfield>
    <subfield code="y">RN</subfield>
  </datafield>
  <datafield tag="952" ind1=" " ind2=" ">
    <subfield code="0">0</subfield>
    <subfield code="1">0</subfield>
    <subfield code="4">0</subfield>
    <subfield code="7">0</subfield>
    <subfield code="a">BCEJYS</subfield>
    <subfield code="b">BCEJYS</subfield>
    <subfield code="c">17</subfield>
    <subfield code="d">1984-01-01</subfield>
    <subfield code="h">ene./dic. 1984</subfield>
    <subfield code="l">0</subfield>
    <subfield code="o">H311.3 ENC v.2 Ej.2</subfield>
    <subfield code="p">R00770</subfield>
    <subfield code="r">2026-04-10 16:07:50</subfield>
    <subfield code="w">2026-04-10</subfield>
    <subfield code="y">RN</subfield>
  </datafield>
  <datafield tag="952" ind1=" " ind2=" ">
    <subfield code="0">0</subfield>
    <subfield code="1">0</subfield>
    <subfield code="4">0</subfield>
    <subfield code="7">0</subfield>
    <subfield code="a">BCEJYS</subfield>
    <subfield code="b">BCEJYS</subfield>
    <subfield code="c">17</subfield>
    <subfield code="d">1982-07-01</subfield>
    <subfield code="h">jul./sep. 1982</subfield>
    <subfield code="l">0</subfield>
    <subfield code="o">H311.3 ENC v.4</subfield>
    <subfield code="p">R13113</subfield>
    <subfield code="r">2026-04-10 16:07:50</subfield>
    <subfield code="w">2026-04-10</subfield>
    <subfield code="y">RN</subfield>
  </datafield>
</record>
